Vista normal
Vista MARC
Entrada Nombre personal
Número de registros utilizados en: 1
001 - NÚMERO DE CONTROL
- campo de control: 3343
003 - IDENTIFICADOR DE NÚMERO DE CONTROL
- campo de control: PE-LiUPU
005 - FECHA Y HORA DE LA ÚLTIMA TRANSACCIÓN
- campo de control: 20231130143412.0
008 - ELEMENTOS DE DATO DE LONGITUD-FIJA
- campo de control de longitud fija: 231130|| aca||aabn | a|a d
040 ## - FUENTE DE CATALOGACIÓN
- Centro catalogador/agencia de origen: PE-LiUPU
100 ## - ENCABEZAMIENTO-NOMBRE DE PERSONA
- Nombre de persona: Alegría, Ciro,
- Fechas asociadas al nombre: 1909-1967.
- Término indicativo de función/relación: autor
- Título de la obra: León Escobar, el famoso bandido peruano.